Islamic Liberalism (Record no. 9462)

MARC details
000 -LEADER
fixed length control field 00702nam a2200265 a 4500
020 ## - INTERNATIONAL STANDARD BOOK NUMBER
ISBN 022605
082 00 - DEWEY DECIMAL CLASSIFICATION NUMBER
Classification number 297.1977
Author Cutter BIN
100 ## - MAIN ENTRY--AUTHOR NAME
Author name Binder, Leonard
245 ## - TITLE STATEMENT
Title Islamic Liberalism
Sub title a Critique of Development Ideologies
260 ## - PUBLICATION, DISTRIBUTION, ETC. (IMPRINT)
Place of publication Chicago
Name of publisher University of Chicago Press
Year of publication 1988
300 ## - PHYSICAL DESCRIPTION
Number of Pages 399p
500 ## - GENERAL NOTE
General note includes index and biblioraphy
505 2# - FORMATTED CONTENTS NOTE
Formatted contents note Index
650 ## - SUBJECT ADDED ENTRY--TOPICAL TERM
Topical Term Islam-20th Century
650 ## - SUBJECT ADDED ENTRY--TOPICAL TERM
Topical Term Islam and Politics
650 ## - SUBJECT ADDED ENTRY--TOPICAL TERM
Topical Term Islam and State
942 ## - ADDED ENTRY ELEMENTS (KOHA)
Koha item type Books
700 1# -
-- Binder, Leonard
Holdings
Collection code Home library Current library Date acquired Cost, normal purchase price Full call number Accession Number Koha item type
  Henry Martyn Institute Library Henry Martyn Institute Library 09/16/2013 1102.50 297.1977 BIN 017638 Books
                   Copyright © 2026 | Henry Martyn Institute | Hyderabad | TS-500052 | INDIA | Implemented by hmi.edu.in
Hit-Count:

Powered by Koha